[Event "Esbjerg Skak 100 aar 2022 - Weekend"]
[Site "Esbjerg"]
[Date "2022.10.23"]
[Round "6.6"]
[White "Schmidt, Tommy B"]
[Black "Jensen, Henrik Tranberg"]
[Result "1-0"]
[WhiteElo "2165"]
[BlackElo "2009"]
[EventDate "2022.10.21"]
[EventType "swiss"]
[EventRounds "7"]
[EventCountry "DEN"]

1. d4   Nf6   2. c4   c5 
 3. d5   b5   4. cxb5   a6
  5. f3  
d6   6. e4   g6   7. Nc3 
 Bg7   8. bxa6   O-O   9. Bb5
  Bxa6   10.
Nge2   Nfd7   11. O-O   Qb6 
 12. a4   Bxb5   13. Nxb5   Na6
  14. Nec3   Nb4   15. Be3 
 Rfc8   16. Qe2   Qa5   17. Na3
  Bd4   18.
Rfd1   Bxe3+   19. Qxe3   c4 
 20. Qd4   Qc5   21. Nab5   Nc2
  22. Qxc5   Nxc5   23. Rab1 
 Nxa4   24. Nxa4   Rxa4   25. Rdc1
  Nb4   26.
b3   Ra2  
27. Rxc4   Rxc4   28. bxc4   Nd3 
 29. Nd4   Nf4   30. g3   Nh3+
  31. Kf1  
Rxh2   32. Rb7   Kf8   33. f4 
 Rf2+   34. Ke1   Rg2   35. Rb8+
  Kg7   36.
Rb3   Rg1+   37. Ke2   Rc1 
 38. Rb7   Rxc4   39. Kd3   Ra4
  40. Rxe7   Ra3+   41. Kc4 
 Ra4+   42. Kc3   Ra3+   43. Kc4
  Rxg3   44.
e5   Nxf4  
1-0

[Event "Esbjerg Skak 100 aar 2022 - Weekend"]
[Site "Esbjerg"]
[Date "2022.10.23"]
[Round "6.7"]
[White "Pedersen, Martin Rosenkilde"]
[Black "Skaelbaek, Noah"]
[Result "1-0"]
[WhiteElo "2141"]
[BlackElo "1819"]
[EventDate "2022.10.21"]
[EventType "swiss"]
[EventRounds "7"]
[EventCountry "DEN"]

1. e4   c5   2. Nf3   Nc6 
 3. d4   cxd4   4. Nxd4   Nf6
  5. Nc3  
e5   6. Ndb5   d6   7. Bg5 
 a6  8. Na3  b5   9. Nd5   Be7
  10. Bxf6   Bxf6   11. c3 
 O-O   12. Nc2   Bg5   13. a4
  Rb8   14.
axb5   axb5   15. Ncb4   Bb7 
 16. Bxb5   Nxb4  17. cxb4  Bxd5  
18. Qxd5   Qb6   19. Ra5   Rfc8 
 20. O-O   Rc2   21. Bc4   Qc7
  22. Ra8  
Rxa8   23. Qxa8+   Bd8   24. b3 
 g6   25. Qd5   Kg7   26. b5
  Qe7   27.
Qd3   Ra2  
28. Qe3   Qb7   29. Qd3   Qb6 
 30. Qd5   Ra7   31. g3   h5
  32. Rd1  
Rd7   33. h4   Qa7   34. Rd3 
 Bb6   35. Rf3   Bc5   36. Kg2
  Qc7   37.
Qd3   Bd4  
38. Bd5   Qa7   39. Bc6   Re7 
 40. b4   Qb6   41. Qd2   Ra7
  42. Qg5  
Rc7   43. Qf6+   Kg8   44. Bd5 
 1-0

[Event "Esbjerg Skak 100 aar 2022 - Weekend"]
[Site "Esbjerg"]
[Date "2022.10.23"]
[Round "6.8"]
[White "Saravana, Vedant Kumar"]
[Black "Knudsen, Martin"]
[Result "1/2-1/2"]
[WhiteElo "1869"]
[BlackElo "1968"]
[EventDate "2022.10.21"]
[EventType "swiss"]
[EventRounds "7"]
[EventCountry "DEN"]

1. e4   c6   2. d4   d5 
 3. Nc3   dxe4   4. Nxe4   Nf6
  5. Nxf6+   exf6   6. c3 
 Bd6   7. Bd3   O-O   8. Qc2
  Re8+   9.
Ne2   h6  
10. O-O   Nd7   11. Be3   Nf8 
 12. Rac1   Bg4   13. h3   Bh5
  14. Qd2  
Bg6   15. Bxg6   Nxg6   16. c4 
 Ne7   17. Qd3   a6   18. Rfd1
  Rc8  19. a4  Qa5   20. c5 
 Bb8   21. Nc3   Qc7   22. g3
  Qd7   23.
Kg2   Rcd8   24. Qe4   f5 
 25. Qf3   Ng6   26. d5   f4
  27. dxc6   Qxc6   28. Qxc6 
 bxc6   29. Bd2   Bc7   30. b4
  fxg3   31.
fxg3   Be5   32. Be1   f5 
 33. b5   Bxc3   34. Bxc3   axb5
  35. Rxd8   Rxd8   36. axb5 
 cxb5   37. Ba5   Rd4   38. c6
  Ne7   39.
c7   Rc4  
40. Rb1   Rc5   41. Bb6   Rc2+ 
 42. Kf3   1/2-1/2

[Event "Esbjerg Skak 100 aar 2022 - Weekend"]
[Site "Esbjerg"]
[Date "2022.10.23"]
[Round "7.3"]
[White "Easwaralingam, Adesh"]
[Black "Loveid, Erik"]
[Result "1-0"]
[WhiteElo "2161"]
[BlackElo "1913"]
[EventDate "2022.10.21"]
[EventType "swiss"]
[EventRounds "7"]
[EventCountry "DEN"]

1. e4  c6  2. Nc3  d5  3. Nf3  Bg4  4. h3  Bxf3  5. Qxf3  e6 6. d3 Nd7 7. Bd2
Ngf6 8. g4 h6 9. Qg3 Bb4 10. e5 Ng8 11. O-O-O Ne7  12. f4
 Qb6 13. d4  O-O-O  14. a3
 Bxc3  15. Bxc3  f5  16. Qe1  Qc7  17. Ba5  b6  18. Bc3  c5 
19. b4  c4  20. b5  Rde8
 21. Rg1  Rhf8  22. Be2
 fxg4  23. Bxg4  Nf5  24. Bb4  Rg8  25. Bxf5  exf5  26. Rg6  Kb7  27. Qh1  Nf6  28. exf6  Re4  29. Qg1  1-0

[Event "Esbjerg Skak 100 aar 2022 - Weekend"]
[Site "Esbjerg"]
[Date "2022.10.23"]
[Round "7.4"]
[White "Rossen, Claus"]
[Black "Schmidt, Tommy B"]
[Result "1/2-1/2"]
[WhiteElo "2105"]
[BlackElo "2165"]
[EventDate "2022.10.21"]
[EventType "swiss"]
[EventRounds "7"]
[EventCountry "DEN"]

1. d4   Nf6   2. c4   g6 
 3. Nc3   Bg7   4. e4   d6
  5. f3  
O-O   6. Be3   a6   7. Qd2 
 Nbd7   8. Nh3   c5   9. d5
  b5   10.
cxb5   Qa5   11. bxa6   Ne5 
 12. Nf2   Bxa6   13. Bxa6   Qxa6
  14. b3  
Rfb8   15. Rb1   Rb4   16. Qe2 
 c4   17. O-O   Qa3   18. Bc1
  Qa5   19.
Bd2   cxb3   20. axb3   Qa3 
 21. f4   Ned7   22. e5   Ne8
  23. e6  
Nc5   24. exf7+   Kxf7   25. Rfe1 
 Rxb3   26. Qxe7+   Kg8   27. Nce4
  Rxb1   28.
Rxb1   Qa2   29. Rd1   Qxd5 
 30. Bc3   Qb7   31. Qxb7   Nxb7
  32. Bxg7   Kxg7   33. Rb1 
 1/2-1/2

[Event "Esbjerg Skak 100 aar 2022 - Weekend"]
[Site "Esbjerg"]
[Date "2022.10.23"]
[Round "7.5"]
[White "Jensen, Lars Munk"]
[Black "Pedersen, Martin Rosenkilde"]
[Result "1/2-1/2"]
[WhiteElo "2116"]
[BlackElo "2141"]
[EventDate "2022.10.21"]
[EventType "swiss"]
[EventRounds "7"]
[EventCountry "DEN"]

1. c4  f5  2. g3   Nf6   3. Bg2 
 g6   4. d4   Bg7   5. Nc3
  O-O   6.
Nf3   d6  
7. O-O   Qe8   8. e4   Nxe4 
 9. Nxe4   fxe4   10. Ng5   Nc6
  1/2-1/2

[Event "Esbjerg Skak 100 aar 2022 - Weekend"]
[Site "Esbjerg"]
[Date "2022.10.23"]
[Round "7.6"]
[White "Eriksson, Christian Altenburg"]
[Black "Zander, Emil"]
[Result "1/2-1/2"]
[WhiteElo "2160"]
[BlackElo "1874"]
[EventDate "2022.10.21"]
[EventType "swiss"]
[EventRounds "7"]
[EventCountry "DEN"]

1. e4   c5   2. c3   Nf6 
 3. e5   Nd5   4. d4   cxd4
  5. Nf3  
Nc6   6. cxd4   d6   7. Bc4 
 Nb6   8. Bb3   dxe5   9. d5
  Nd4   10.
Nxd4   exd4   11. Qxd4   e6 
 12. Nc3   Qf6   13. Be3   e5
  14. Qd2  
Bb4   15. O-O   O-O   16. Ne4 
 Bxd2   17. Nxf6+   gxf6   18. Bxd2
  a5   19.
Be3   Ra6  
20. Bc5   Re8   21. Rad1   Bd7 
 22. Rfe1   a4   23. Bc2   Rc8
  24. Bxb6   Rxb6   25. Rd2 
 Kg7   26. b3   a3   27. f3
  Rb5   28.
Kf2   Rbc5   29. Bb1   b5 
 30. g4   h5  31. h3  1/2-1/2

[Event "Esbjerg Skak 100 aar 2022 - Weekend"]
[Site "Esbjerg"]
[Date "2022.10.23"]
[Round "7.8"]
[White "Thorsen, Adrian Stenstrop"]
[Black "Saravana, Vedant Kumar"]
[Result "1/2-1/2"]
[WhiteElo "1934"]
[BlackElo "1869"]
[EventDate "2022.10.21"]
[EventType "swiss"]
[EventRounds "7"]
[EventCountry "DEN"]

1. e4   e5   2. Nf3   Nc6 
 3. d4   exd4   4. Nxd4   Bc5
  5. Nxc6  
Qf6   6. Qf3   Qxf3   7. gxf3 
 bxc6   8. Be3   Bxe3   9. fxe3
  d5   10.
Nc3   Nf6  
11. e5   Nd7   12. f4   f6 
 13. exf6   Nxf6   14. O-O-O   Bf5
  15. Bd3  
g6   16. Bxf5   gxf5   17. Ne2 
 Ng4   18. Rde1   c5   19. h3
  Nf2   20.
Rhg1   Kf7   21. Ng3   Ke6 
 22. Rg2   Rag8   23. Reg1   Nxh3
  24. Rh1  
h5   25. Rxh3   h4   26. Rgh2 
 hxg3  27. Rxh8  gxh2 28.
Rh6+  Kd7 29. Rxh2  Ke6 
 1/2-1/2